States and Union Territories of India by Pun clues MCQ - Statistics

General Stats
  • This quiz has been taken 72 times
  • The average score is 9 of 12
Answer Stats
Question Answer % Correct
Why you stole Telengana from me? Andhra Pradesh
100%
Not Money in Singapore Manipur
100%
Kim is sick Sikkim
100%
I'm actually in the East West Bengal
100%
The Man and You Daman and Diu
88%
Forget Feni drink Vodka Goa
88%
Not a part of the Stan countries Rajasthan
88%
This quiz is Awesome!! Assam
75%
Not Ram the sheep Mizoram
75%
The car is not in Dhaka Karnataka
63%
The Justice has a definite favorite in her collection: the finespun jabot from South Africa Punjab
25%
Cappella del Highlands Institute is a mid 20th century college chapel at Viale della Scultura 15 in Rome Delhi
0%
No matching quizzes found
Score Distribution
Percent of People with Each Score
Percentile by Number Answered
Your Score History
You have not taken this quiz